00602nam a2200181 a 45000010010000000030011000100080041000210350026000620820022000881000040001102450042001502600067001926500016002599420012002759520098002879980020003859990015004050000-9293ELIB.Books110520 1983  a(ELIB.Books)0000-9445 a248.6 bVan / Fag aVan Benschoten, A. Q./ Fagan, A. R. aWhat the Bible Says About Stewardship bValley Forge: Judson Press c1983/ Nashville: Convention Press aStewardship 2ddccBK 00102ddc4070aKBTSbKBTSd2011-05-20l0p10048, 15012r2022-01-22 00:00:00w2022-01-22yBK cbate2011-05-20 c9293d9293